000 00346nam a2200133Ia 4500
008 230917s9999||||xx |||||||||||||| ||und||
040 _e193277
_aMAIN
041 _aEnglish
082 _aB N315:C
100 _aNehru, Jawaharlal
245 0 _aSelected works of Pandit Jawaharlal Nehru
260 _aChandigarh
_bHaryana Urdu Akademi
942 _cBK
999 _c79314
_d79314